Name Anything Valid #2 - Statistics

General Stats
  • This quiz has been taken 517 times
  • The average score is 11 of 20
Answer Stats
Hint Answer % Correct
Primary colors Red/Yellow/Blue
100%
Letters found on a standard deck of cards A/J/K/Q
98%
Cardinal directions North/West/East/South
96%
Presidents on Mount Rushmore Theodore Roosevelt/George Washington/Abraham Lincoln/Thomas Jefferson
94%
First two elements of the Periodic Table Hydrogen/Helium
87%
European micronations Andorra/Liechtenstein/Malta/Monaco/San Marino/Vatican City
86%
Former Yugoslavian countries Bosnia and Herzegovina/Croatia/Macedonia/Montenegro/Serbia/Slovenia
83%
South American countries not bordering Brazil Ecuador/Chile
80%
Indiana's neighboring states Michigan/Ohio/Kentucky/Illinois
71%
Baltic states Estonia/Latvia/Lithuania
68%
Classifications in taxonomy Domain/Kingdom/Phylum/Class/Order/Family/Genus/Species
44%
3-digit cubes 125/216/343/512/729
40%
Spanish for "to be" ser/estar
35%
ASEAN countries larger than Ukraine Indonesia/Myanmar
30%
Children of Abuela Alma in Encanto Julieta/Bruno/Pepa
29%
Dark blue property in US Monopoly Park Place/Boardwalk
29%
US states east of Guyana Alaska
24%
37th element of the Periodic Table Rubidium
6%
Winner of BFDI Firey
2%
By area, it is only 1km² larger than Uruguay Cambodia
1%
No matching quizzes found
Score Distribution
Percent of People with Each Score
Percentile by Number Answered
Your Score History
You have not taken this quiz